000 00527nmm a2200169Ia 4500
008 251105s9999||||xx |||||||||||||||||und||
020 _a9788427719972
041 _aspa
100 _aCurwin, Richard L.
245 0 _aMotivar a estudiantes difíciles en contextos educativos desfavorecidos y de exclusión
264 _a[Madrid, España] :
_bNarcea Ediciones,
_c2014
300 _a208 páginas
490 _aEducación hoy
650 _aEducation
856 _uhttps://public.digitaliapublishing.com/a/40875
942 _cCF
999 _c80778
_d80778